| 000 | 00646nam a2200181 i 4500 | ||
|---|---|---|---|
| 001 | 95383 | ||
| 003 | ES-MaACL | ||
| 005 | 20230906181708.0 | ||
| 007 | t| | ||
| 008 | 050527s1944 sp ||||1| spa d | ||
| 100 | 1 |
_aLlabrés Bernal, Juan. _972635 |
|
| 245 | 1 | 0 |
_aCorsarios mallorquines del siglo XVII (1674) / _cJuan Llabrés. |
| 260 |
_aPalma de Mallorca : _b[s.n.], _c1944 ( _fImprenta Viuda de J. Soler Prats) |
||
| 300 |
_a14 p. ; _c24 cm. |
||
| 500 | _aSeparata del Boletín de la Sociedad Arqueológica Luliana. Vol, XXIX número 704-705. | ||
| 650 | 4 |
_aCorsarios- _zMallorca- _vHistoria. _9157684 |
|
| 852 |
_aES-MaACL _j1839-F-27 _bR.21020 |
||
| 999 |
_c95383 _d95383 |
||